Адаптивная платформа для анализа текстов на базе открытых моделей машинного обучения; Молодежь и современные информационные технологии

Bibliografiske detaljer
Parent link:Молодежь и современные информационные технологии.— 2025.— С. 366-371
Hovedforfatter: Зайда А. В.
Andre forfattere: Савельев А. О. Алексей Олегович (научный руководитель)
Summary:Работа описывает создание платформы, предоставляющей графический интерфейс для применения произвольных открытых моделей обработки естественного языка. С использованием инструментов ресурса Hugging Face удалось автоматизировать применение 101 из 150 апробированных моделей этой площадки. Для применения остальных моделей был реализован расширенный интерфейс с опциональными параметрами
Текстовый файл
Sprog:russisk
Udgivet: 2025
Fag:
Online adgang:http://earchive.tpu.ru/handle/11683/132239
Format: MixedMaterials Electronisk Book Chapter
KOHA link:https://koha.lib.tpu.ru/cgi-bin/koha/opac-detail.pl?biblionumber=681158

MARC

LEADER 00000naa2a2200000 4500
001 681158
005 20250916110357.0
090 |a 681158 
100 |a 20250806d2025 k||y0rusy50 ca 
101 0 |a rus 
102 |a RU 
135 |a drbn ---uucaa 
200 1 |a Адаптивная платформа для анализа текстов на базе открытых моделей машинного обучения  |f Зайда А. В.  |g науч. рук. Савельев А. О. 
320 |a Список использованных источников: 4 назв 
330 |a Работа описывает создание платформы, предоставляющей графический интерфейс для применения произвольных открытых моделей обработки естественного языка. С использованием инструментов ресурса Hugging Face удалось автоматизировать применение 101 из 150 апробированных моделей этой площадки. Для применения остальных моделей был реализован расширенный интерфейс с опциональными параметрами 
336 |a Текстовый файл 
463 1 |0 681090  |9 681090  |t Молодежь и современные информационные технологии  |o сборник трудов XXII Международной научно-практической конференции студентов, аспирантов и молодых ученых, 15–17 апреля 2025 г., Томск  |f под ред. А. С. Беляева  |c Томск  |d 2025  |n Изд-во ТПУ  |u conference_tpu-2025-C04.pdf  |v С. 366-371 
545 1 |a Компьютерное зрение, обработка естественного языка и интеллектуальные системы 
610 1 |a электронный ресурс 
610 1 |a труды учёных ТПУ 
610 1 |a обработка естественного языка 
610 1 |a машинное обучение 
610 1 |a микросервисная архитектура 
610 1 |a Hugging Face 
610 1 |a Django 
700 1 |a Зайда  |b А. В. 
702 1 |a Савельев  |b А. О.  |c специалист в области информатики и вычислительной техники  |c доцент Томского политехнического университета, кандидат технических наук  |f 1987-  |g Алексей Олегович  |4 727 
801 0 |a RU  |b 63413507  |c 20250806 
850 |a 63413507 
856 4 |u http://earchive.tpu.ru/handle/11683/132239  |z http://earchive.tpu.ru/handle/11683/132239 
942 |c CF